| Tag |
First Indicator |
Second Indicator |
Subfields |
| LEADER |
00000cam a2200000 a 4500 |
| 001 |
in00000956821 |
| 005 |
20150926140732.0 |
| 007 |
hd afv|||baca |
| 007 |
hd bfv|||baaa |
| 008 |
870312s1690 miu a 00000 eng d |
| 035 |
|
|
|a (OCoLC)15305734
|
| 035 |
|
|
|9 AEU4111AM
|
| 037 |
|
|
|a CL0037000039
|b University Microfilms International
|
| 037 |
|
|
|a CL0037000061
|b University Microfilms International
|
| 037 |
|
|
|b University Microfilms International, 300 N. Zeeb Rd., Ann Arbor, MI 48106
|
| 040 |
|
|
|a EAK
|c EAK
|d m/c
|d UMI
|d UtOrBLW
|
| 043 |
|
|
|a e-uk---
|
| 045 |
2 |
|
|b d1689
|b d1702
|
| 049 |
|
|
|a TXAI
|
| 090 |
|
|
|a DA430
|b .H37
|
| 099 |
|
|
|a film
|a B
|a 3609
|
| 100 |
1 |
|
|a Harrison, Thomas,
|d active 1690.
|
| 245 |
1 |
0 |
|a Political aphorisms, or, The true maxims of government displayed :
|b wherein is likewise proved ... : by way of a challenge to Dr. William Sherlock and ten other new dissenters, and recommended as proper to be read by all Protestant Jacobites.
|
| 264 |
|
3 |
|a London :
|b Printed for Tho. Harrison ...,
|c 1690.
|
| 300 |
|
|
|a 8 unnumbered pages, 31 pages, 1 unnumbered page
|
| 336 |
|
|
|a text
|b txt
|2 rdacontent
|
| 337 |
|
|
|a microform
|b h
|2 rdamedia
|
| 338 |
|
|
|a microfilm reel
|b hd
|2 rdacarrier
|
| 500 |
|
|
|a Attributed to Harrison by Wing and NUC pre-1956 imprints.
|
| 500 |
|
|
|a Advertisements: [1] pages at end.
|
| 500 |
|
|
|a This item can be found at reels 1189:4 and 1672:21.
|
| 500 |
|
|
|a Reproduction of original in the Cambridge University Library and University of Illinois Library.
|
| 510 |
4 |
|
|a Wing
|c H140
|
| 510 |
4 |
|
|a Wing
|c H917C
|
| 533 |
|
|
|a Microfilm.
|b Ann Arbor, Mich. :
|c University Microfilms International,
|d 1981.
|e 1 microfilm reel ; 35 mm.
|f (Early English books, 1641-1700 : 1189:4 and 1672:21)
|
| 500 |
|
|
|a Microform.
|
| 600 |
1 |
0 |
|a Sherlock, William,
|d 1641?-1707.
|t Case of resistance of the supreme powers stated and resolved.
|
| 650 |
|
0 |
|a Jacobites.
|
| 651 |
|
0 |
|a Great Britain
|x Politics and government
|y 1689-1702.
|
| 650 |
|
0 |
|a Divine right of kings.
|
| 740 |
0 |
|
|a Political aphorisms.
|
| 740 |
0 |
|
|a True maxims of government displayed.
|
| 830 |
|
0 |
|a Early English books, 1641-1700 ;
|v 1189:4.
|
| 830 |
|
0 |
|a Early English books, 1641-1700 ;
|v 1672:21.
|
| 999 |
|
|
|a MARS
|
| 999 |
f |
f |
|s fe48267d-ffd5-3bba-bfc5-45f0c0346dd8
|i a01cb2cb-427d-38ae-b626-4af746d73e8a
|t 0
|
| 952 |
f |
f |
|p default
|a Texas A&M University
|b College Station
|c Sterling C. Evans Library
|d Evans: Microforms (3rd floor)
|t 0
|e film B 3609 1672:21
|h Other scheme
|i microform -- microfilm reel
|
| 952 |
f |
f |
|p default
|a Texas A&M University
|b College Station
|c Sterling C. Evans Library
|d Evans: Microforms (3rd floor)
|t 0
|e film B 3609 1189:4
|h Other scheme
|i microform -- microfilm reel
|
| 998 |
f |
f |
|a film B 3609 1672:21
|t 0
|l Evans: Microforms (3rd floor)
|
| 998 |
f |
f |
|a film B 3609 1189:4
|t 0
|l Evans: Microforms (3rd floor)
|